LEADER 01016cam0-2200337---450- 001 990009804000403321 005 20141216113625.0 010 $a978-88-339-2358-1 035 $a000980400 035 $aFED01000980400 035 $a(Aleph)000980400FED01 035 $a000980400 100 $a20131219d2012----km-y0itay50------ba 101 0 $aita 102 $aIT 105 $ay-------001yy 200 1 $a<>signori del rating$econflitti di interesse e relazioni pericolose delle tre agenzie pił temute dalla finanza globale$fPaolo Gila e Mario Miscali 210 $aTorino$cBollati Boringhieri$d2012 215 $a183 p.$d20 cm 225 1 $aTemi$v222 610 0 $aAgenzie di rating 676 $a332.632042$v22$zita 700 1$aGila,$bPaolo$0330105 701 1$aMiscali,$bMario$036989 801 0$aIT$bUNINA$gREICAT$2UNIMARC 901 $aBK 912 $a990009804000403321 952 $aCollez. 1219 (222)$b50979$fFSPBC 959 $aFSPBC 996 $aSignori del rating$9837764 997 $aUNINA LEADER 01150nam--2200373---450- 001 990002301290203316 005 20090108125341.0 035 $a000230129 035 $aUSA01000230129 035 $a(ALEPH)000230129USA01 035 $a000230129 100 $a20041223h----1980km-y0itay0103----ba 101 0 $aeng 102 $aUS 105 $a||||||||001yy 200 1 $a<> management of innovative technological corporations$fSimon Ramo 210 $aNew York$cJ. Wiley & sons$hcopyr. 1980 215 $aX, 476 p.$d22 cm 225 2 $a<> Wiley-Interscience publication 410 0$12001$a<> Wiley-Interscience publication 454 1$12001 461 1$1001-------$12001 606 0 $aAziende$xOrganizzazione del lavoro 676 $a658.04 700 1$aRAMO,$bSimon$02577 801 0$aIT$bsalbc$gISBD 912 $a990002301290203316 951 $a658.04 RAM 1 (IRA 4 49)$b5448 E.C.$cIRA$d00010463 959 $aBK 969 $aECO 979 $aSIAV5$b10$c20041223$lUSA01$h1402 979 $aRSIAV2$b90$c20090108$lUSA01$h1253 996 $aManagement of innovative technological corporations$91068235 997 $aUNISA